000 00560nam a2200229Ia 4500
008 150909s9999 xx 000 0 und d
041 _aEnglish
082 _a 338 .1
082 _bTHO/AG
100 _aThorner D
100 _eAuthor
245 _aAgrarian prospect in India
260 _aBombay
260 _bAllied publishers Pvt Ltd
260 _c1976
300 _a82 Pages
365 _aRs .20
650 _aagricultural development
650 _aAgricultural economics
650 _aagricultural survey
942 _cBK
999 _c235435
_d235435